<?xml version="1.0" encoding="UTF-8"?>
<record
    xmlns:xsi="http://www.w3.org/2001/XMLSchema-instance"
    xsi:schemaLocation="http://www.loc.gov/MARC21/slim http://www.loc.gov/standards/marcxml/schema/MARC21slim.xsd"
    xmlns="http://www.loc.gov/MARC21/slim">

  <leader>     nam a22     7a 4500</leader>
  <datafield tag="999" ind1=" " ind2=" ">
    <subfield code="c">148151</subfield>
    <subfield code="d">148149</subfield>
  </datafield>
  <controlfield tag="005">20190429132614.0</controlfield>
  <controlfield tag="008">190408b        ag ||||| |||| 00| 0 spa d</controlfield>
  <datafield tag="050" ind1="0" ind2="4">
    <subfield code="a">KK3827</subfield>
    <subfield code="b">R67 1955</subfield>
  </datafield>
  <datafield tag="100" ind1="1" ind2=" ">
    <subfield code="a">Rosenberg, Leo,</subfield>
    <subfield code="d">1879-1963,</subfield>
    <subfield code="e">autor</subfield>
  </datafield>
  <datafield tag="240" ind1="1" ind2="0">
    <subfield code="a">Lehrbuch des deutschen Zivilprozessrechts</subfield>
  </datafield>
  <datafield tag="245" ind1="1" ind2="0">
    <subfield code="a">Tratado de derecho procesal civil </subfield>
    <subfield code="c">/ Leo Rosenberg ; traducci&#xF3;n de Angela Romera Vera ; Supervisi&#xF3;n de Eduardo B. Carlos y Ernesto Krotoschin ; dirigida por H. Alsina, E. J. Couture, A. V&#xE9;lez Mariconde ; subdirector Santiago Sent&#xED;s Melendo.</subfield>
  </datafield>
  <datafield tag="250" ind1=" " ind2=" ">
    <subfield code="a">Primera edici&#xF3;n</subfield>
  </datafield>
  <datafield tag="260" ind1=" " ind2=" ">
    <subfield code="a">Buenos Aires :</subfield>
    <subfield code="b">Ediciones Jur&#xED;dicas Europa-Am&#xE9;rica,</subfield>
    <subfield code="c">1955</subfield>
  </datafield>
  <datafield tag="300" ind1=" " ind2=" ">
    <subfield code="a">3v. ;</subfield>
    <subfield code="c">23 cm.</subfield>
  </datafield>
  <datafield tag="490" ind1="0" ind2=" ">
    <subfield code="a">Ciencia del proceso ;</subfield>
    <subfield code="v">27, 28, 29</subfield>
  </datafield>
  <datafield tag="505" ind1="1" ind2=" ">
    <subfield code="a">Contenido :</subfield>
    <subfield code="t">V.1 Introducci&#xF3;n : Teor&#xED;a general</subfield>
    <subfield code="t">V.2 El procedimiento de sentencia</subfield>
    <subfield code="t">V.3 La ejecuci&#xF3;n Forzosa, V.4 Embargo preventivo y medidas provisionales de seguridad</subfield>
  </datafield>
  <datafield tag="650" ind1=" " ind2="7">
    <subfield code="2">lemb</subfield>
    <subfield code="a">Procedimiento civil </subfield>
    <subfield code="z">Alemania</subfield>
  </datafield>
  <datafield tag="700" ind1="1" ind2=" ">
    <subfield code="a">Romera Vera, Angela,</subfield>
    <subfield code="d">1912-1990,</subfield>
    <subfield code="e">traductor</subfield>
  </datafield>
  <datafield tag="700" ind1="1" ind2=" ">
    <subfield code="a">Carlos, Eduardo B.</subfield>
    <subfield code="e">supervisi&#xF3;n </subfield>
  </datafield>
  <datafield tag="700" ind1="1" ind2=" ">
    <subfield code="a">Krotoschin, Ernesto,</subfield>
    <subfield code="e">supervisi&#xF3;n </subfield>
  </datafield>
  <datafield tag="700" ind1="1" ind2=" ">
    <subfield code="a">Alsina, Hugo,</subfield>
    <subfield code="e">dirigida</subfield>
  </datafield>
  <datafield tag="700" ind1="1" ind2=" ">
    <subfield code="a">Couture, Eduardo Juan,</subfield>
    <subfield code="d">1904-1956,</subfield>
    <subfield code="e">dirigida</subfield>
  </datafield>
  <datafield tag="700" ind1="1" ind2=" ">
    <subfield code="e">V&#xE9;lez Mariconde, A.</subfield>
    <subfield code="d">dirigida</subfield>
  </datafield>
  <datafield tag="700" ind1="1" ind2=" ">
    <subfield code="a">Sent&#xED;s Melendo, Santiago,</subfield>
    <subfield code="e">subdirector</subfield>
  </datafield>
  <datafield tag="942" ind1=" " ind2=" ">
    <subfield code="2">lcc</subfield>
    <subfield code="c">LIB</subfield>
  </datafield>
  <datafield tag="952" ind1=" " ind2=" ">
    <subfield code="1">0</subfield>
    <subfield code="2">lcc</subfield>
    <subfield code="4">0</subfield>
    <subfield code="7">0</subfield>
    <subfield code="a">LIC-002</subfield>
    <subfield code="b">LIC-002</subfield>
    <subfield code="c">CONSULTA</subfield>
    <subfield code="d">2019-04-08</subfield>
    <subfield code="f">5a ed.</subfield>
    <subfield code="h">BFD000011231</subfield>
    <subfield code="i">D</subfield>
    <subfield code="k">CSA</subfield>
    <subfield code="o">KK3827 R67 1955 V.1</subfield>
    <subfield code="p">BFD000011231</subfield>
    <subfield code="r">2019-04-08 00:00:00</subfield>
    <subfield code="t">1</subfield>
    <subfield code="v">1.00</subfield>
    <subfield code="y">LIB</subfield>
  </datafield>
  <datafield tag="952" ind1=" " ind2=" ">
    <subfield code="1">0</subfield>
    <subfield code="2">lcc</subfield>
    <subfield code="4">0</subfield>
    <subfield code="7">0</subfield>
    <subfield code="a">LIC-002</subfield>
    <subfield code="b">LIC-002</subfield>
    <subfield code="c">CONSULTA</subfield>
    <subfield code="d">2019-04-08</subfield>
    <subfield code="f">5a ed.</subfield>
    <subfield code="h">BFD000011232</subfield>
    <subfield code="i">D</subfield>
    <subfield code="k">CSA</subfield>
    <subfield code="o">KK3827 R67 1955 V.2</subfield>
    <subfield code="p">BFD000011232</subfield>
    <subfield code="r">2019-04-08 00:00:00</subfield>
    <subfield code="t">1</subfield>
    <subfield code="v">1.00</subfield>
    <subfield code="y">LIB</subfield>
  </datafield>
  <datafield tag="952" ind1=" " ind2=" ">
    <subfield code="1">0</subfield>
    <subfield code="2">lcc</subfield>
    <subfield code="4">0</subfield>
    <subfield code="7">0</subfield>
    <subfield code="a">LIC-002</subfield>
    <subfield code="b">LIC-002</subfield>
    <subfield code="c">CONSULTA</subfield>
    <subfield code="d">2019-04-08</subfield>
    <subfield code="f">5a ed.</subfield>
    <subfield code="h">BFD000011233</subfield>
    <subfield code="i">D</subfield>
    <subfield code="k">CSA</subfield>
    <subfield code="o">KK3827 R67 1955 V.3 y V.4</subfield>
    <subfield code="p">BFD000011233</subfield>
    <subfield code="r">2019-04-08 00:00:00</subfield>
    <subfield code="t">1</subfield>
    <subfield code="v">1.00</subfield>
    <subfield code="y">LIB</subfield>
  </datafield>
</record>
